000 00452nam a22001577a 4500
020 _a978-81-264-3083-3
082 _a823
_bALL/G
100 _aALLIEW, SHANE, J
245 _aTHE GOLDEN MOUNTAIN AND OTHER STORIES
_bRUSSIAN FOLK STORIES
246 _aTHE GOLDEN MOUNTAIN AND OTHER STORIES
_bRUSSIAN FOLK STORIES
260 _aKOTTAYAM
_bDC BOOKS
_c2016
300 _a64
520 _aRUSSIAN FOLK STORIES
650 _aRUSSIAN FOLK STORIES
942 _cBK
999 _c2853
_d2853